| 000 | 00440nam a2200205Ia 4500 | ||
|---|---|---|---|
| 001 | 14133 | ||
| 003 | GE_BSU | ||
| 008 | 181216s||||||||xx |||||||||||||| ||und|| | ||
| 020 | _a0141019573 | ||
| 040 | _cGE_BSU | ||
| 080 | _a821.111-31 | ||
| 100 | _aGaskell,Elizabeth | ||
| 245 | _aNorth and South | ||
| 260 | _aLondon | ||
| 260 | _bPenguin Books | ||
| 260 | _c2004 | ||
| 300 | _a520p.20cm. | ||
| 653 | _aNorth and South | ||
| 942 | _cBK | ||
| 999 |
_c47273 _d47273 |
||